| 000 | 00785nam a22002057a 4500 | ||
|---|---|---|---|
| 005 | 20231219143800.0 | ||
| 008 | 110317t xxu||||| |||| 00| 0 eng d | ||
| 010 | _aB-756685-689 ENG-18.10.23 | ||
| 020 |
_a9788196353919 _c499.00 |
||
| 035 | _aB-756685-689 | ||
| 037 | _bPansy Books | ||
| 082 | _a869.342 | ||
| 100 | 1 |
_926630 _aJonson, Ben |
|
| 245 | 1 | 0 |
_aThe Alchemist/ _cBy - Ben JonSon |
| 260 |
_aDelhi _bR. Sons Books _c2023 |
||
| 270 |
_aHo. No. 1658, Gali No. 18, Nathu Colony Nathupura, _bDelhi _e110084 |
||
| 300 |
_a176p. _c21cm (HB) |
||
| 942 |
_2ddc _cEN _mJON _h869.342 |
||
| 999 |
_c199519 _d199519 |
||